[Event "GER-chT U12"]
[Site "Magdeburg"]
[Date "2016.12.30"]
[Round "7.4"]
[White "Li, Xianquan"]
[Black "Wu, Wilfried"]
[Result "0-1"]
[WhiteElo "856"]
[BlackElo "1241"]
[PlyCount "52"]
[EventDate "2016.12.27"]
[EventType "team-swiss"]
[EventRounds "7"]
[EventCountry "GER"]
[SourceTitle "EXT 2018"]
[Source "ChessBase"]
[SourceDate "2017.10.13"]
[SourceVersion "1"]
[SourceVersionDate "2017.10.13"]
[SourceQuality "1"]
[WhiteTeam "Paderborn Akademie"]
[BlackTeam "Erlangen"]
[WhiteTeamCountry "GER"]
[BlackTeamCountry "GER"]

1. d4 d5 2. Nf3 Nf6 3. g3 Bf5 4. Bg2 Nc6 5. 0-0 e6 6. e3 Bd6 7. Nbd2 Qe7 8. b3 0-0-0 9. a4 Bb4 10. Bb2 h5 11. h4 Bg4 12. Qc1 Nh7 13. c3 Bd6 14. Ba3 g5 15. b4 Rhg8 16. Nb3 Qf6 17. Nh2 gxh4 18. Nxg4 hxg4 19. b5 Ne7 20. Bxd6 Rxd6 21. Qc2 Ng5 22. a5 Nf3+ 23. Bxf3 Qxf3 24. gxh4 g3 25. Nd2 gxf2+ 26. Kh2 Qg2# 0-1

[Event "GER-chT U12"]
[Site "Magdeburg"]
[Date "2016.12.27"]
[Round "2.4"]
[White "Li, Xianquan"]
[Black "Heutling, Elina"]
[Result "0-1"]
[WhiteElo "856"]
[BlackElo "1383"]
[PlyCount "60"]
[EventDate "2016.12.27"]
[EventType "team-swiss"]
[EventRounds "7"]
[EventCountry "GER"]
[SourceTitle "EXT 2018"]
[Source "ChessBase"]
[SourceDate "2017.10.13"]
[SourceVersion "1"]
[SourceVersionDate "2017.10.13"]
[SourceQuality "1"]
[WhiteTeam "Paderborn Akademie"]
[BlackTeam "Magdeburg Schachzwerge"]
[WhiteTeamCountry "GER"]
[BlackTeamCountry "GER"]

1. d4 d5 2. Nf3 Nf6 3. g3 e6 4. Bg2 c5 5. e3 Bd6 6. 0-0 0-0 7. Nbd2 Nbd7 8. b3 b5 9. Bb2 c4 10. bxc4 bxc4 11. a4 Qc7 12. Re1 c3 13. Ba3 cxd2 14. Nxd2 Bxa3 15. Rxa3 e5 16. dxe5 Nxe5 17. e4 dxe4 18. Nxe4 Rb8 19. Nxf6+ gxf6 20. Be4 f5 21. Qh5 fxe4 22. Rxe4 Rb1+ 23. Kg2 Bb7 24. Qg5+ Ng6 25. f3 Bxe4 26. fxe4 Qxc2+ 27. Kh3 Rh1 28. Kg4 Qxe4+ 29. Kh3 Qe2 30. g4 Qxh2# 0-1